书目信息 |
| 题名: |
中国—东盟相互投资的效应及影响研究
|
|
| 作者: | 刘志雄 著 | |
| 分册: | ||
| 出版信息: | 北京 北京理工大学出版社 2013 |
|
| 页数: | 141页 | |
| 开本: | 24cm | |
| 丛书名: | 中国-东盟经贸关系研究丛书 | |
| 单 册: | ||
| 中图分类: | F832.6 | |
| 科图分类: | ||
| 主题词: | 对外投资--投资效应--研究--中国--东南亚 | |
| 电子资源: | ||
| ISBN: | 978-7-5640-8380-9 | |
| 000 | 01297nam0 2200277 450 | |
| 001 | 351906 | |
| 005 | 20161017110902.77 | |
| 010 | @a978-7-5640-8380-9@b精装@dCNY72.00 | |
| 100 | @a20140226d2013 em y0chiy50 ea | |
| 101 | 0 | @achi@deng |
| 102 | @aCN@b110000 | |
| 105 | @ay z 000yy | |
| 106 | @ar | |
| 200 | 1 | @a中国—东盟相互投资的效应及影响研究@dResearch on the effect and influence of the mutual investment between China and ASEAN@f刘志雄著@zeng |
| 210 | @a北京@c北京理工大学出版社@d2013 | |
| 215 | @a141页@d24cm | |
| 225 | 2 | @a中国-东盟经贸关系研究丛书 |
| 300 | @a中国-东盟研究中心(广西科学实验中心)开放课题 “CAFTA建成后中国与东盟经贸关系研究”结项成果之二 | |
| 330 | @a本书首先研究中国“引进来”与“走出去”的战略及其现状,在此基础上研究中国对东盟投资的效应,东盟对中国投资的效应以及东盟各国对中国投资的差异,并进一步研究中国与东盟相互投资对双边经贸的影响及其他效应。最后书中还研究了中国与东盟相互投资存在的问题,并提出相关政策建议。 | |
| 410 | 0 | @12001 @a中国-东盟经贸关系研究丛书 |
| 510 | 1 | @aResearch on the effect and influence of the mutual investment between China and ASEAN@zeng |
| 606 | 0 | @a对外投资@x投资效应@x研究@y中国@y东南亚 |
| 690 | @aF832.6@v5 | |
| 701 | 0 | @a刘志雄@f(1982~)@4著 |
| 801 | 0 | @aCN@bTANGWEI@c20161010 |
| 905 | @b0897110-4@dF832.6@e140@f5 | |
| 中国—东盟相互投资的效应及影响研究=Research on the effect and influence of the mutual investment between China and ASEAN/刘志雄著.-北京:北京理工大学出版社,2013 |
| 141页;24cm.-(中国-东盟经贸关系研究丛书) |
| 中国-东盟研究中心(广西科学实验中心)开放课题 “CAFTA建成后中国与东盟经贸关系研究”结项成果之二 |
| ISBN 978-7-5640-8380-9(精装):CNY72.00 |
| 本书首先研究中国“引进来”与“走出去”的战略及其现状,在此基础上研究中国对东盟投资的效应,东盟对中国投资的效应以及东盟各国对中国投资的差异,并进一步研究中国与东盟相互投资对双边经贸的影响及其他效应。最后书中还研究了中国与东盟相互投资存在的问题,并提出相关政策建议。 |
| ● |
| 相关链接 |
|
|
|
|
正题名:中国—东盟相互投资的效应及影响研究
索取号:F832.6/140
 
预约/预借
| 序号 | 登录号 | 条形码 | 馆藏地/架位号 | 状态 | 备注 |
| 1 | 0897110 | 208971102 | 第一样本阅览室/ [索取号:F832.6/140] | 在馆 | |
| 2 | 0897111 | 208971111 | 第一借阅区/ [索取号:F832.6/140] | 在馆 | |
| 3 | 0897112 | 208971120 | 第一借阅区/ [索取号:F832.6/140] | 在馆 | |
| 4 | 0897113 | 208971139 | 第一借阅区/ [索取号:F832.6/140] | 在馆 | |
| 5 | 0897114 | 208971148 | 密集书库-海洋学院/ [索取号:F832.6/140] | 在馆 |